Differentiable functions on bad domains /

Bibliographic Details
Main Author: Mazʹi︠a︡, V. G.
Other Authors: Poborchi, Sergei V.
Format: Book
Language:English
Published: Singapore ; River Edge, N.J. : World Scientific, [1997]
Subjects:

MARC

Tag First Indicator Second Indicator Subfields
LEADER 00000cam a2200000 a 4500
001 in00001406888
005 20151020073010.0
008 980605s1997 si a b 001 0 eng d
020 |a 9810227671 
035 |a (OCoLC)39230275 
035 |9 AHQ3852AM 
040 |a GUA  |c GUA  |d TXA  |d UtOrBLW 
049 |a TXAM 
090 |a QA323  |b .M37 1997 
100 1 |a Mazʹi︠a︡, V. G. 
245 1 0 |a Differentiable functions on bad domains /  |c Vladimir G. Maz'ya, Sergei V. Poborchi. 
264 1 |a Singapore ;  |a River Edge, N.J. :  |b World Scientific,  |c [1997] 
264 4 |c ©1997 
300 |a xviii, 481 pages :  |b illustrations ;  |c 23 cm. 
336 |a text  |b txt  |2 rdacontent 
337 |a unmediated  |b n  |2 rdamedia 
338 |a volume  |b nc  |2 rdacarrier 
504 |a Includes bibliographical references and index. 
650 0 |a Sobolev spaces. 
650 0 |a Differentiable functions. 
650 0 |a Boundary value problems. 
700 1 |a Poborchi, Sergei V. 
948 |a c:cer 
999 |a MARS 
999 f f |s 55c13618-8d53-330d-b247-06691eab78c4  |i 1ef0e27e-abaf-393f-baba-16413febd4c1  |t 0 
952 f f |p normal  |a Texas A&M University  |b College Station  |c Sterling C. Evans Library  |d Evans: Library Stacks  |t 0  |e QA323 .M37 1997  |h Library of Congress classification  |i unmediated -- volume  |m A14822563136 
998 f f |a QA323 .M37 1997  |t 0  |l Evans: Library Stacks